| 000 | 00395nam a22001451a 4500 | ||
|---|---|---|---|
| 999 |
_c163478 _d163478 |
||
| 082 |
_a954.003 _bSAC/D |
||
| 100 | _aSachidananda Bhattacharya | ||
| 245 |
_aA dictionary of Indian history (v.1)/ _cby Sachidananda Bhattacharya. |
||
| 260 |
_aNew Delhi: _bCosmo, _c1994. |
||
| 300 | _a440p. | ||
| 650 | _aHistory | ||
| 650 | _aHistory India Dictionary | ||
| 650 | _aHistory India | ||
| 942 | _cBK | ||